<?xml version="1.0" encoding="UTF-8"?>
<record
    xmlns:xsi="http://www.w3.org/2001/XMLSchema-instance"
    xsi:schemaLocation="http://www.loc.gov/MARC21/slim http://www.loc.gov/standards/marcxml/schema/MARC21slim.xsd"
    xmlns="http://www.loc.gov/MARC21/slim">

  <leader>00887nam a2200145   4500</leader>
  <controlfield tag="008">370.1 F866m</controlfield>
  <datafield tag="020" ind1=" " ind2=" ">
    <subfield code="a">9786070307928</subfield>
  </datafield>
  <datafield tag="082" ind1=" " ind2=" ">
    <subfield code="b">370.1</subfield>
    <subfield code="2">F866m</subfield>
  </datafield>
  <datafield tag="100" ind1=" " ind2=" ">
    <subfield code="a">Freire, Paulo</subfield>
    <subfield code="9">6237</subfield>
  </datafield>
  <datafield tag="245" ind1=" " ind2=" ">
    <subfield code="a">El maestro sin recetas</subfield>
    <subfield code="b">El desaf&#xED;o de ense&#xF1;ar en un mundo cambiante</subfield>
  </datafield>
  <datafield tag="260" ind1=" " ind2=" ">
    <subfield code="a">M&#xE9;xico</subfield>
    <subfield code="b">Siglo XXI</subfield>
    <subfield code="c">2016</subfield>
  </datafield>
  <datafield tag="300" ind1=" " ind2=" ">
    <subfield code="a">192 p.</subfield>
    <subfield code="c">21 x 14 cm</subfield>
  </datafield>
  <datafield tag="505" ind1=" " ind2=" ">
    <subfield code="t">Presentaci&#xF3;n</subfield>
    <subfield code="t">Derechos humanos y educaci&#xF3;n liberadora</subfield>
    <subfield code="t">Educar al educador</subfield>
    <subfield code="t">Una conversaci&#xF3;n con alumnos</subfield>
    <subfield code="t">La alfabetizaci&#xF3;n desde la perspectiva de la educaci&#xF3;n popular</subfield>
    <subfield code="t">Alfabetizaci&#xF3;n: lectura del mundo, lectura de la palabra</subfield>
    <subfield code="t">Debate sobre la posmodernidad</subfield>
    <subfield code="t">Cambiar es dif&#xED;cil, pero posible</subfield>
    <subfield code="t">Alfabetizaci&#xF3;n en ciencias</subfield>
    <subfield code="t">Posfacio, Olgair Gomes Garc&#xED;a</subfield>
    <subfield code="t">Fuentes de los extos</subfield>
    <subfield code="t">Referencias bibliogr&#xE1;ficas</subfield>
  </datafield>
  <datafield tag="650" ind1=" " ind2=" ">
    <subfield code="x">Educaci&#xF3;n</subfield>
    <subfield code="x">pedagog&#xED;a cr&#xED;tica</subfield>
    <subfield code="x">educaci&#xF3;n - filosof&#xED;a</subfield>
    <subfield code="x">educaci&#xF3;n - aspectos sociales</subfield>
    <subfield code="x">alfabetizac&#xF3;n</subfield>
    <subfield code="9">6247</subfield>
  </datafield>
  <datafield tag="999" ind1=" " ind2=" ">
    <subfield code="c">1430</subfield>
    <subfield code="d">1430</subfield>
  </datafield>
  <datafield tag="952" ind1=" " ind2=" ">
    <subfield code="0">0</subfield>
    <subfield code="1">0</subfield>
    <subfield code="2">ddc</subfield>
    <subfield code="4">0</subfield>
    <subfield code="7">0</subfield>
    <subfield code="a">LV</subfield>
    <subfield code="b">LV</subfield>
    <subfield code="c">Pensamiento</subfield>
    <subfield code="d">2018-04-28</subfield>
    <subfield code="l">0</subfield>
    <subfield code="o">370.1 F866m</subfield>
    <subfield code="p">004578</subfield>
    <subfield code="r">2018-04-28 00:00:00</subfield>
    <subfield code="w">2018-04-28</subfield>
    <subfield code="y">01</subfield>
  </datafield>
</record>
